| 000 | 00561nam a2200205Ia 4500 | ||
|---|---|---|---|
| 005 | 20250508165707.0 | ||
| 008 | 008 250505s9999 xx 000 0 eng d | ||
| 037 | _aTextual | ||
| 040 |
_aFEDL _beng _cFEDL |
||
| 041 |
_aeng _2eng |
||
| 084 |
_a577.19, HOY _qFEDL |
||
| 100 | _aHoyle Fred | ||
| 245 | 0 | _aEvolution from space | |
| 260 |
_aLondon, UK _bGranada Publishing _c1981 |
||
| 300 | _a198p. | ||
| 365 |
_aPrice varies _b3.99 |
||
| 700 |
_a Wickramasinghe Chandra _9781639 |
||
| 942 |
_cTEXL _h577.19, HOY |
||
| 999 |
_c1396795 _d1396795 |
||